Catálogo
 En Linea

El crecimiento moral : (Registro nro. 25362)

Detalles MARC
000 -CABECERA
campo de control de longitud fija 01063nam a2200265 a 4500
001 - NÚMERO DE CONTROL
campo de control 000025870
005 - FECHA Y HORA DE LA ÚLTIMA TRANSACCIÓN
campo de control 20200930024119.0
008 - DATOS DE LONGITUD FIJA--INFORMACIÓN GENERAL
campo de control de longitud fija 110217s1976 sp r 000 | spa d
020 ## - NÚMERO INTERNACIONAL ESTÁNDAR DEL LIBRO
Número Internacional Estándar del Libro 8427706332
040 ## - FUENTE DE LA CATALOGACIÓN
Centro catalogador/agencia de origen DO-SdBNP
Lengua de catalogación spa
Centro/agencia transcriptor BNPHU
041 ## - CÓDIGO DE LENGUA
Código de lengua del texto/banda sonora o título independiente spa
Código de lengua original eng
Fuente del código Código de idioma MARC
082 ## - NÚMERO DE LA CLASIFICACIÓN DECIMAL DEWEY
Número de clasificación xxx
Número de documento/Ítem H572c
049 ## - FONDOS LOCALES (OCLC)
Fondos de biblioteca BNGR
100 1# - ENTRADA PRINCIPAL--NOMBRE DE PERSONA
Nombre de persona Hersh, Richard H. ,
9 (RLIN) 52717
240 #0 - TÍTULO UNIFORME
Título uniforme Promoting moral growth : from Piaget to Kohlberg
Lenguaje de la obra Español
245 13 - MENCIÓN DE TÍTULO
Título El crecimiento moral :
Resto del título de Piaget a Kohlberg /
Mención de responsabilidad, etc. Richard H. Hersh, Diana P. Paolitto, Joseph Reimer; traducción Carmen Fernández Aguinaco; prólogo Lawrence Kohlberg.
260 ## - PUBLICACIÓN, DISTRIBUCIÓN, ETC.
Lugar de publicación, distribución, etc. La Habana :
Nombre del editor, distribuidor, etc. Unión de Escritores y Artistas de Cuba,
Fecha de publicación, distribución, etc. 1976.
300 ## - DESCRIPCIÓN FÍSICA
Extensión 192 p. ;
Dimensiones 24 cm.
534 ## - NOTA SOBRE LA VERSIÓN ORIGINAL
Encabezamiento principal del original Título original :
Mención de título del original Promoting moral growth : from Piaget to Kohlberg
500 ## - NOTA GENERAL
Nota general Incluye referencia bibliográficas al pie de páginas
500 ## - NOTA GENERAL
Nota general Bibliografía : p. 185-188
700 1# - PUNTO DE ACCESO ADICIONAL--NOMBRE DE PERSONA
Nombre de persona Paolitto, Diana P.,
9 (RLIN) 52718
700 1# - PUNTO DE ACCESO ADICIONAL--NOMBRE DE PERSONA
Nombre de persona Reimer, Joseph,
9 (RLIN) 52719
700 1# - PUNTO DE ACCESO ADICIONAL--NOMBRE DE PERSONA
Nombre de persona Kohlberg, Lawrence,
Término indicativo de función/relación pról.
9 (RLIN) 52720
Existencias
Estado de retiro Estado de pérdida Restricciones de uso No para préstamo Código de colección Localización permanente Ubicación/localización actual Ubicación en estantería Fecha de adquisición Número de inventario Total de préstamos Signatura topográfica completa Código de barras Fecha visto por última vez Precio válido a partir de Tipo de ítem Koha
      Excluido de préstamo Monografías: Libros y Folletos General General En catalogación 23.02.2011 LF1   xxx H572c 25870-10 25.06.2020 25.06.2020 No se presta

Con tecnología Koha